| 000 | 00733nam a2200253Ia 4500 | ||
|---|---|---|---|
| 003 | OSt | ||
| 005 | 20220928112639.0 | ||
| 006 | a|||||r|||| 00| 0 | ||
| 007 | ta | ||
| 008 | 220927b |||||||| |||| 00| 0 eng d | ||
| 020 | _c350 | ||
| 024 | _a106312 | ||
| 037 |
_b1117, 18/02/2010, Kiran Book Service _cTextual |
||
| 040 |
_aSDCL _cSDCL _beng |
||
| 041 |
_2eng _aeng |
||
| 082 | _aO152,3N9:g, P9 | ||
| 100 |
_aGupt Shambhu _9419041 |
||
| 245 | 0 |
_aKahani _b Samkaleen chunautiyan. |
|
| 260 |
_aNew Delhi _bVani Prakashan _c2009 |
||
| 300 |
_av, 200p _ccm. |
||
| 650 |
_aHindi _9391598 |
||
| 942 |
_hO152,3N9:g, P9 _cTEXL _2CC |
||
| 999 |
_c745578 _d745578 |
||